Técnicas contables en la administración pública (Registro nro. 2655)
[ vista simple ]
| 000 -LEADER | |
|---|---|
| fixed length control field | 01619 a2200229 4500 |
| 001 - CONTROL NUMBER | |
| control field | 36465 |
| 005 - DATE AND TIME OF LATEST TRANSACTION | |
| control field | 20260407155639.0 |
| 008 - FIXED-LENGTH DATA ELEMENTS--GENERAL INFORMATION | |
| fixed length control field | 260407a1984 arg spa d |
| 003 - CONTROL NUMBER IDENTIFIER | |
| control field | AR-UNSa-BCEJYS |
| 040 ## - CATALOGING SOURCE | |
| Original cataloging agency | AR-UNSa-BCEJYS |
| Language of cataloging | spa |
| Transcribing agency | AR-UNSa-BCEJYS |
| 080 ## - UNIVERSAL DECIMAL CLASSIFICATION NUMBER | |
| Universal Decimal Classification number | 351.72 |
| Common auxiliary subdivision | Finanzas públicas. Legislación (Contabilidad Pública, Administración financiera...) |
| 020 ## - INTERNATIONAL STANDARD BOOK NUMBER | |
| International Standard Book Number | 84-7351-175-1 |
| 041 ## - LANGUAGE CODE | |
| Language code of text/sound track or separate title | spa |
| 100 1# - MAIN ENTRY--PERSONAL NAME | |
| Personal name | Herrero Suazo, Santiago |
| 245 10 - TITLE STATEMENT | |
| Title | Técnicas contables en la administración pública |
| 264 #1 - PRODUCTION, PUBLICATION, DISTRIBUTION, MANUFACTURE, AND COPYRIGHT NOTICE | |
| Place of production, publication, distribution, manufacture | Madrid : |
| Name of producer, publisher, distributor, manufacturer | Instituto Nacional de Administración Pública (INAP) |
| Date of production, publication, distribution, manufacture, or copyright notice | 1984 |
| 300 ## - PHYSICAL DESCRIPTION | |
| Extent | 491 p. |
| Dimensions | 19 cm. |
| 505 ## - FORMATTED CONTENTS NOTE | |
| Formatted contents note | I: Consideraciones previas : 1. La contabilidad general pública, como disciplina de elaboración histórica : concepto tradicional - 2. La contabilidad pública como instrumento de registro de la ejecución del presupuesto y como elemento básico de control.Insuficiencia derivadas - 3. Los gastos fiscales - 4. El presupuesto de gastos fiscales - II: Técnicas contables en la administración pública : 2. Los términos macroeconómicos de la contabilidad nacional - 3. Magnitudes macroeconómicas(delimitación y cálculo)- 4.Nuevas técnicas contables - 5. Necesidades de una contabilidad patrimonial - III: La contabilización de los gastos fiscales : 1. Contabilización de exenciones y bonificaciones: Aspectos normativos - 2. Consignación de los beneficios fiscales en los presupuestos generales del Estado - 3. Situación actual y formación de un modelo contable. |
| 590 ## - LOCAL NOTE (RLIN) | |
| Local note | niveau_biblio:m niveau_hierar:0 |
| 700 1# - ADDED ENTRY--PERSONAL NAME | |
| Personal name | Herrero Nieto, Jose Luis |
| 942 ## - ADDED ENTRY ELEMENTS (KOHA) | |
| Koha item type | |
| Withdrawn status | Lost status | Damaged status | Not for loan | Home library | Current library | Shelving location | Date acquired | Total checkouts | Full call number | Barcode | Date last seen | Price effective from | Koha item type |
|---|---|---|---|---|---|---|---|---|---|---|---|---|---|
| Biblioteca Prof. Eusebio Cleto del Rey | Biblioteca Prof. Eusebio Cleto del Rey | 07/04/2026 | 351.72 H564 | L58180 | 07/04/2026 | 07/04/2026 | Libro |